Introduction to manufacturing technologies….. (Record no. 5092)

MARC details
000 -LEADER
fixed length control field 00350nam a2200133Ia 4500
008 - FIXED-LENGTH DATA ELEMENTS--GENERAL INFORMATION
fixed length control field 191201s2010 xx 000 0 und d
100 ## - MAIN ENTRY--PERSONAL NAME
Personal name DATE,Prashant P
245 #0 - TITLE STATEMENT
Title Introduction to manufacturing technologies…..
250 ## - EDITION STATEMENT
Edition statement IMP
260 ## - PUBLICATION, DISTRIBUTION, ETC. (IMPRINT)
Place of publication, distribution, etc N. delhi
Name of publisher, distributor, etc Jaico Publication House
Date of publication, distribution, etc 2010
300 ## - PHYSICAL DESCRIPTION
Extent 508
650 ## - SUBJECT ADDED ENTRY--TOPICAL TERM
Topical term or geographic name as entry element M.Tech (ME)
942 ## - ADDED ENTRY ELEMENTS (KOHA)
Source of classification or shelving scheme Dewey Decimal Classification
Koha item type Text Books
Holdings
Withdrawn status Lost status Source of classification or shelving scheme Damaged status Not for loan Collection code Home library Current library Date acquired Source of acquisition Cost, normal purchase price Bill Number Total Checkouts Full call number Acc. no. / Barcode Date last seen Bill Date Koha item type Date last borrowed
    Dewey Decimal Classification     B.Tech(ME) PIET C-LIBRARY PIET C-LIBRARY 26/11/2011 Valley Book House 325.00 261   670.427 DAI 18617 04/12/2019 21/11/2011 Text Books  
    Dewey Decimal Classification     B.Tech(ME) PIET C-LIBRARY PIET C-LIBRARY 26/11/2011 Valley Book House 325.00 261 2 670.427 DAI 18618 12/06/2025 21/11/2011 Text Books 06/06/2025
    Dewey Decimal Classification     B.Tech(ME) PIET C-LIBRARY PIET C-LIBRARY 26/11/2011 Valley Book House 325.00 261 2 670.427 DAI 18619 16/06/2025 21/11/2011 Text Books 06/06/2025
    Dewey Decimal Classification     B.Tech(ME) PIET C-LIBRARY PIET C-LIBRARY 26/11/2011 Valley Book House 325.00 261 1 670.427 DAI 18620 12/06/2025 21/11/2011 Text Books 06/06/2025
    Dewey Decimal Classification     B.Tech(ME) PIET C-LIBRARY PIET C-LIBRARY 26/11/2011 Valley Book House 325.00 261   670.427 DAI 18621 04/12/2019 21/11/2011 Text Books  

Design & Developed by: PIET Central Library
R70 Miles Stone Pattikalyana Samalkha Panipat 132102
mail ID :- [email protected], Phone No:- 0180-2569700 Ex.216